000 00293nam a2200121Ia 4500
008 191201s2011 xx 000 0 und d
100 _aWAZIR, Rohit
245 0 _aPolitical Geography M.A (F)
260 _aN. Delhi
_bVikas Pub
_c2011
300 _a177
650 _aGeneral Books
942 _2ddc
_cBK
999 _c254
_d254